000 00698nam a22001937a 4500
999 _c180998
_d180998
005 20210825122321.0
010 _aUR-11209
020 _c350.00
_a9789387884809
035 _aU-9764
037 _bDBAD/PUB
082 _a954.022
100 _aصفد را ما م قا د ر ی
245 _aشير شا ہ سو ر ی :عہد حکو مت ا و ر معنو يت
_cصفد را ما م قا د ر ی
246 _aSher Shah Suri:Ahud,Hukumat,Aur Manawiyat (Urdu)
_bby Safdar imam Quadri
260 _aDelhi
_c2019ء
_bCreatyve Star Publications
270 _aJamia Nagar,
_bNew Delhi
_e25
_l8851148278
300 _a416 ص
_c22 Cm(Hb)
942 _2ddc
_cUR
_h954.022
_mش ے ر